[Teória obchodu-vybrané state]
Recenzia na publikáciu, ktorá ponúka komplexný pohľad na teóriu obchodu a to z hľadiska rôznych škôl i názorových prúdov. Je členená do piatich rámcových kapitol.
Gespeichert in:
| 1. Verfasser: | |
|---|---|
| Format: | Buchkapitel |
| Sprache: | Slowakisch |
| Schlagworte: | |
| Tags: |
Keine Tags, Fügen Sie das erste Tag hinzu!
|
MARC
| LEADER | 00000naa$a2200000$$$4500 | ||
|---|---|---|---|
| 001 | 0113171 | ||
| 005 | 20240502072246.6 | ||
| 041 | 0 | |a slo | |
| 044 | |a SK | ||
| 245 | 1 | 0 | |a [Teória obchodu-vybrané state] |c Štefan Žák |
| 520 | |a Recenzia na publikáciu, ktorá ponúka komplexný pohľad na teóriu obchodu a to z hľadiska rôznych škôl i názorových prúdov. Je členená do piatich rámcových kapitol. | ||
| 610 | 2 | 0 | |a recenzie |
| 610 | 2 | 0 | |a teória obchodu |
| 610 | 2 | 0 | |a hospodárstvo trhové |
| 610 | 2 | 0 | |a analýza ekonomická |
| 610 | 2 | 0 | |a marketing |
| 100 | 1 | |a Žák, Štefan, 1971- | |